| 000 | 00661nam a2200181 a 4500 | ||
|---|---|---|---|
| 001 | 000040157 | ||
| 005 | 20201002033943.0 | ||
| 008 | 130809s1981 sp 000 0 spa d | ||
| 020 | _a8472142353 | ||
| 040 |
_aDO-SdBNP _bspa _cBNPHU |
||
| 245 | 0 | 0 |
_aAlternativa energética : _buna solución socialista para España / _c; prólogo de Enrique Barón. |
| 260 |
_aMadrid : _bFederación de energia y mineria de la ugt, _c1981. |
||
| 300 |
_a251 p. : _bil. ; _c21 cm. |
||
| 490 | 1 | _aEconomía | |
| 590 | _aInventariado 2019/VM | ||
| 710 | 2 |
_aUnión General de Trabajadores de España. _bFederación de Energía y Minería de la UGT _966429 |
|
| 830 | 0 |
_aEconomía _92914 |
|
| 999 |
_c39647 _d39647 |
||